| 000 | 00622nam a2200157 a 4500 | ||
|---|---|---|---|
| 001 | BRCA_624 | ||
| 005 | 20190320203103.0 | ||
| 008 | 181005s1994----mx-a---###---#000-0#spa-d | ||
| 050 | 4 |
_aN2940 _b.A68 1994 |
|
| 245 | 1 | 0 |
_aarte y cultura de dos milenios _btesoros artísticos del Vaticano. |
| 260 |
_aMéxico _bColegio de San Ildefonso _c1994 |
||
| 300 |
_a30 p. _bil. a color _c30 cm. |
||
| 500 | _aCatálogo de la exposición realizada en el Antiguo Colegio de San Ildefonso (Ciudad de México), 16 noviembre 1993 - 16 febrero, 1994 | ||
| 650 | 1 | 4 |
_aArte _vExposiciones _xGalerías y museos _zVaticano (Ciudad) _92121 |
| 942 |
_2lcc _cB |
||
| 999 |
_c547 _d547 |
||